[Event "AUTO-OPEN-815"]
[Site "http://www.queenalice.com/game.php?id=411553"]
[Date "2008.6.1"]
[Round "3"]
[White "jnable"]
[Black "ricardoshima"]
[Result "0-1"]
[WhiteElo "2045"]
[BlackElo "1950"]

1. e4 e5 2. Nf3 Nc6 3. Bb5 a6 4. Bxc6 dxc6 5. d4 exd4 6. Nxd4 c5 7. Nb3 Qxd1+ 8.
Kxd1 Bg4+ 9. f3 O-O-O+ 10. Bd2 Be6 11. c3 Bd6 12. g3 f5 13. Re1 f4 14. g4 g5 15.
Na3 h5 16. h3 hxg4 17. hxg4 Rh3 18. Rf1 Be7 19. Kc2 Rh2 20. Rad1 Nf6 21. Rh1 Rf2
22. Rhf1 Rh2 23. Kc1 Rd3 24. Nc2 b6 25. Ne1 Rd8 26. Nc2 Nd7 27. Be1 Ne5 28.
Rxd8+ Kxd8 29. Nd2 Rh3 30. b3 c4 31. Nd4 Ba3+ 32. Kc2 cxb3+ 33. axb3 Bd7 34. c4
Bb4 35. Kd1 Bxd2 36. Bxd2 c5 37. Nc2 Nxf3 38. Ne1 Bxg4 39. Nxf3 Bxf3+ 40. Kc1
Bxe4 41. Kb2 Rh2 42. Kc3 Kd7 43. Re1 Bc6 44. Rg1 Rh5 45. Kd3 Ke6 46. Be1 Kf5 47.
b4 Rh1 48. Rxh1 Bxh1 49. bxc5 bxc5 50. Bf2 f3 51. Bxc5 g4 52. Kd2 g3 53. Ke1 Bg2
54. Bg1 a5 55. c5 a4 56. c6 Ke6 57. c7 Kd7 58. Bb6 a3 0-1

[Event "AUTO-OPEN-815"]
[Site "http://www.queenalice.com/game.php?id=411554"]
[Date "2008.6.1"]
[Round "3"]
[White "ricardoshima"]
[Black "dante72"]
[Result "0-1"]
[WhiteElo "1958"]
[BlackElo "2089"]

1. e4 e5 2. Nf3 d6 3. d4 exd4 4. Nxd4 Nf6 5. Nc3 Bd7 6. Be2 Nc6 7. O-O Be7 8.
Bg5 h6 9. Bh4 O-O 10. h3 Nh7 11. Bxe7 Qxe7 12. a3 Nxd4 13. Qxd4 Qg5 14. Kh1 f5
15. Qd5+ Kh8 16. e5 Bc6 0-1

[Event "AUTO-OPEN-815"]
[Site "http://www.queenalice.com/game.php?id=411555"]
[Date "2008.6.1"]
[Round "3"]
[White "dante72"]
[Black "ricardoshima"]
[Result "0-1"]
[WhiteElo "1908"]
[BlackElo "1947"]

1. e4 e5 2. Nf3 Nc6 3. c3 Nf6 4. d4 exd4 5. cxd4 Bb4+ 6. Nc3 Nxe4 7. d5 Nxc3 8.
bxc3 Bxc3+ 9. Bd2 Qe7+ 10. Be2 Qf6 11. Rb1 Ne5 12. O-O O-O 13. Bxc3 Nxf3+ 14.
Bxf3 Qxc3 15. d6 c6 16. Rb3 Qa5 17. Qc2 b6 18. Be4 g6 19. Rh3 Qc5 20. Qd2 Qe5
21. Re1 Qf6 22. Bd3 Bb7 23. f4 Rae8 24. Rxe8 Rxe8 25. f5 c5 26. fxg6 hxg6 27.
Bb5 Bc8 28. Rf3 Qe5 29. h3 Qe1+ 30. Qxe1 Rxe1+ 31. Rf1 Rxf1+ 32. Kxf1 Kg7 33.
Kf2 Kf6 34. Kf3 Ke5 35. Bc4 f6 36. h4 Kxd6 37. a4 Ke5 38. Ke3 d5 39. Bb5 d4+ 40.
Kf3 Bf5 41. Bc6 c4 42. g4 Bb1 43. Ke2 Kf4 44. h5 gxh5 45. gxh5 Kg5 46. Be8 f5
47. Bg6 c3 48. Kd1 d3 49. Bxf5 Kxf5 0-1

[Event "QA-ANNIV-03"]
[Site "http://www.queenalice.com/game.php?id=413675"]
[Date "2008.6.5"]
[Round "7"]
[White "Eduardomoreto67"]
[Black "ricardoshima"]
[Result "1/2-1/2"]
[WhiteElo "1944"]
[BlackElo "1956"]

1. e4 e5 2. Nf3 Nc6 3. Bb5 a6 4. Ba4 Nf6 5. O-O Be7 6. Re1 b5 7. Bb3 O-O 8. c3
d6 9. d4 Bg4 10. d5 Na5 11. Bc2 c6 12. b4 Nc4 13. a4 cxd5 14. exd5 Nb6 15. axb5
axb5 16. Rxa8 Qxa8 17. Na3 Nbxd5 18. Nxb5 Qc6 19. Bd3 e4 20. Nfd4 Qxb5 21. Bxb5
Bxd1 22. Rxd1 Nxc3 23. Re1 d5 24. Bd2 Bxb4 25. Nc6 Nxb5 26. Bxb4 Re8 27. Rd1 h5
28. Be7 Nc3 29. Rd2 Ng4 30. Bb4 e3 31. fxe3 Rxe3 32. g3 Nf6 33. Ne7+ Kh7 34.
Bxc3 Rxc3 35. Nxd5 Nxd5 36. Rxd5 g6 37. Kg2 Kh6 38. h4 Rc6 39. Rd8 f6 40. Rd3 g5
41. hxg5+ fxg5 42. Kf3 Rf6+ 43. Ke4 g4 44. Rb3 Kg6 45. Rd3 Rf5 46. Rd6+ Kg5 47.
Rd8 Ra5 48. Rg8+ Kf6 49. Rf8+ Kg7 50. Rc8 Ra3 51. Kf4 Rf3+ 52. Kg5 Rxg3 53. Rc7+
Kf8 54. Kxh5 Rg1 55. Rc4 g3 56. Kg4 Ke7 57. Rc3 g2 58. Rc2 Ke6 1/2-1/2

[Event "QA-ANNIV-03"]
[Site "http://www.queenalice.com/game.php?id=469814"]
[Date "2008.9.28"]
[Round "9"]
[White "trompmaster"]
[Black "ricardoshima"]
[Result "1-0"]
[WhiteElo "2029"]
[BlackElo "1963"]

1. g3 e5 2. Bg2 d5 3. d3 Nf6 4. a3 Bd6 5. h3 O-O 6. e3 Re8 7. Nc3 c6 8. e4 d4 9.
Nce2 Be6 10. f4 exf4 11. gxf4 c5 12. e5 1-0

[Event "AUTO-ADV-1083"]
[Site "http://www.queenalice.com/game.php?id=481907"]
[Date "2008.10.23"]
[Round "1"]
[White "flopp"]
[Black "ricardoshima"]
[Result "0-1"]
[WhiteElo "1771"]
[BlackElo "2006"]

1. e4 e5 2. Nf3 Nf6 3. Nxe5 Qe7 4. d4 d6 5. Nf3 Qxe4+ 6. Be2 Bg4 7. Nc3 Qc6 8.
O-O Nbd7 9. h3 Bh5 10. Re1 O-O-O 11. Bf4 Re8 12. d5 Qb6 13. Be3 Qa5 14. g4 Bg6
15. Nb5 a6 16. Nc3 Ne4 17. Nxe4 Bxe4 18. c4 h5 19. Ng5 hxg4 20. Bxg4 f5 21. Be2
Nf6 22. f3 Bxd5 23. cxd5 Rxe3 24. Bd3 Rxe1+ 25. Qxe1 Qxd5 26. Qe2 f4 27. Rc1
Qxg5+ 28. Qg2 Qd5 29. Bc4 Qd4+ 30. Kh2 Nd5 31. Qc2 c6 32. Bxa6 Kb8 33. Rd1 Qe3
34. Bd3 Qxf3 0-1

[Event "AUTO-ADV-1083"]
[Site "http://www.queenalice.com/game.php?id=481908"]
[Date "2008.10.23"]
[Round "1"]
[White "ricardoshima"]
[Black "flopp"]
[Result "1-0"]
[WhiteElo "1999"]
[BlackElo "1772"]

1. e4 e5 2. Nf3 Nc6 3. d4 exd4 4. Nxd4 Bc5 5. Nxc6 bxc6 6. Bc4 Qe7 7. Qf3 d6 8.
O-O Nf6 9. Nc3 Be6 10. Bxe6 Qxe6 11. Re1 O-O 12. Qg3 Nh5 13. Qg5 Nf6 14. e5 Qg4
15. exf6 1-0

[Event "AUTO-ADV-1083"]
[Site "http://www.queenalice.com/game.php?id=481921"]
[Date "2008.10.23"]
[Round "1"]
[White "ricardoshima"]
[Black "RJGF"]
[Result "0-1"]
[WhiteElo "2003"]
[BlackElo "1914"]

1. e4 e5 2. Nf3 Nc6 3. d4 exd4 4. Nxd4 Bc5 5. Nxc6 bxc6 6. Bc4 d6 7. Qh5 g6 8.
Qf3 Qf6 9. Qxf6 Nxf6 10. f3 O-O 11. Bg5 Nh5 12. Nd2 Re8 13. g4 Ng7 14. h4 h5 15.
gxh5 Nxh5 16. O-O-O Be6 17. Be2 f6 18. f4 fxg5 19. Bxh5 gxh5 20. hxg5 Be3 21.
Rdf1 Rab8 22. b3 Bg4 23. g6 Bxd2+ 24. Kxd2 Rxe4 25. Rf2 Rbe8 26. Rhh2 Rd4+ 27.
Kc3 Ree4 28. f5 c5 29. f6 Rf4 0-1

[Event "AUTO-ADV-1083"]
[Site "http://www.queenalice.com/game.php?id=481922"]
[Date "2008.10.23"]
[Round "1"]
[White "RJGF"]
[Black "ricardoshima"]
[Result "1-0"]
[WhiteElo "1873"]
[BlackElo "2025"]

1. d4 d5 2. c4 e6 3. Nc3 Nf6 4. cxd5 exd5 5. Nf3 Nbd7 6. Bg5 h6 7. Bh4 Bd6 8. e4
g5 9. Bg3 Bxg3 10. hxg3 dxe4 11. Bd3 exd3 12. Qxd3 Qe7+ 13. Kf1 Kd8 14. Re1 Qb4
15. Ne5 Rf8 16. Rxh6 Ng8 17. Rh8 Nxe5 18. dxe5+ Bd7 19. e6 fxe6 20. Rd1 Qe7 21.
Ne4 Ke8 22. Nxg5 Qg7 23. Rh7 Rxf2+ 24. Kxf2 Qxb2+ 25. Kg1 1-0

[Event "AUTO-ADV-1083"]
[Site "http://www.queenalice.com/game.php?id=481923"]
[Date "2008.10.23"]
[Round "1"]
[White "ricardoshima"]
[Black "Artking"]
[Result "1-0"]
[WhiteElo "1985"]
[BlackElo "1942"]

1. e4 c5 2. Nf3 a6 3. d4 cxd4 4. Nxd4 d6 5. Nc3 Nf6 6. Bg5 e6 7. Qf3 Be7 8.
O-O-O h6 9. Bh4 Qa5 10. Nb3 Qc7 11. h3 b5 12. Bd3 Bb7 13. Qe3 Nc6 14. f3 Ne5 15.
Rhe1 Rc8 16. Re2 Nxd3+ 17. Qxd3 b4 18. Bxf6 gxf6 19. Nb1 a5 20. Qb5+ Kf8 21.
Qxa5 f5 22. Qxc7 Rxc7 23. exf5 exf5 24. Rd4 Bf6 25. Rxd6 Kg7 26. Nd4 Bxd4 27.
Rxd4 Ba6 28. Red2 Rhc8 29. Kd1 Rc4 30. b3 Rxd4 31. Rxd4 Rb8 32. Nd2 h5 33. Ke1
Re8+ 34. Kf2 Re2+ 35. Kg3 h4+ 36. Kxh4 Rxg2 37. f4 f6 38. Rd7+ Kg6 39. Rd8 Kg7
40. Rd6 Be2 41. Nb1 Rg1 42. Rd2 Bf3 43. Rf2 Be4 44. Nd2 Kg6 45. Nxe4 fxe4 46.
f5+ Kf7 47. Re2 Rc1 48. Rxe4 Rxc2 49. Rxb4 Rxa2 50. Rb7+ Kf8 51. Kh5 Rh2 52. h4
Rh3 53. b4 Rg3 54. b5 Ke8 55. Rb6 Kf7 56. Rc6 Rb3 57. b6 Ke7 58. Kh6 Rb5 59. Kg6
Rb4 60. h5 Rg4+ 61. Kh7 Rb4 62. Rc7+ Ke8 63. b7 1-0

[Event "AUTO-ADV-1083"]
[Site "http://www.queenalice.com/game.php?id=481924"]
[Date "2008.10.23"]
[Round "1"]
[White "Artking"]
[Black "ricardoshima"]
[Result "0-1"]
[WhiteElo "1934"]
[BlackElo "1970"]

1. d4 d5 2. c4 e6 3. Nf3 Nf6 4. Nc3 c6 5. Bg5 dxc4 6. a4 Bb4 7. e3 b5 8. Ne5 Bb7
9. Be2 Nbd7 10. O-O Nxe5 11. dxe5 Qxd1 12. Rfxd1 Bxc3 13. bxc3 Ne4 14. Bh4 Nxc3
15. Rd2 Nxa4 16. Bxc4 Nb6 17. Bb3 O-O 18. Be7 Rfe8 19. Bd6 a5 20. f4 a4 21. Bc2
Nc4 22. Re2 Red8 23. Rd1 a3 24. Bb3 Nxd6 25. exd6 c5 26. Ba2 c4 27. Rc2 Bd5 28.
f5 Ra6 29. fxe6 fxe6 30. d7 Ra7 31. Rc3 b4 32. Rxc4 Bxc4 33. Bxc4 Kf7 34. Ba2
Raxd7 35. Rf1+ Ke7 36. h4 Rd1 0-1

[Event "AUTO-ADV-1095"]
[Site "http://www.queenalice.com/game.php?id=487947"]
[Date "2008.11.4"]
[Round "1"]
[White "TJ"]
[Black "ricardoshima"]
[Result "1-0"]
[WhiteElo "1840"]
[BlackElo "1919"]

1. d4 d5 2. Nf3 Nf6 3. Bg5 e6 4. e3 Be7 5. Nbd2 Nbd7 6. Bd3 c5 7. c3 h6 8. Bh4
O-O 9. O-O b6 10. Bg3 Bb7 11. Re1 Ne4 12. Bxe4 dxe4 13. Ne5 Nxe5 14. Bxe5 f5 15.
Qh5 Qe8 16. Qe2 Bf6 17. Bd6 Be7 18. Nc4 1-0

[Event "AUTO-ADV-1095"]
[Site "http://www.queenalice.com/game.php?id=487948"]
[Date "2008.11.4"]
[Round "1"]
[White "ricardoshima"]
[Black "TJ"]
[Result "0-1"]
[WhiteElo "1940"]
[BlackElo "1819"]

1. e4 c6 2. d4 d5 3. Nc3 dxe4 4. Nxe4 Bf5 5. Ng3 Bg6 6. Nf3 Nd7 7. h4 h6 8. h5
Bh7 9. Bd3 Bxd3 10. Qxd3 Ngf6 11. Bf4 e6 12. O-O-O Be7 13. Kb1 Rc8 14. a3 c5 15.
Qb5 Qb6 16. Qxb6 Nxb6 17. c3 cxd4 18. Rxd4 O-O 0-1

[Event "AUTO-ADV-1095"]
[Site "http://www.queenalice.com/game.php?id=487961"]
[Date "2008.11.4"]
[Round "1"]
[White "Rutty"]
[Black "ricardoshima"]
[Result "1-0"]
[WhiteElo "1884"]
[BlackElo "1983"]

1. e4 e5 2. Nf3 Nc6 3. Bc4 Bc5 4. c3 Nf6 5. d4 exd4 6. cxd4 Bb4+ 7. Nc3 Nxe4 8.
O-O Bxc3 9. d5 Bf6 10. Re1 Ne7 11. Rxe4 d6 12. Bg5 Bxg5 13. Nxg5 h6 14. Nf3 O-O
15. Qe2 Ng6 16. Re1 Bf5 17. Re3 Bg4 18. h3 Nf4 19. Qd2 Bh5 20. Kh2 Qf6 21. g4
Bg6 22. Re7 Nxh3 23. Kg3 Rac8 24. Nh4 Ng5 25. R7e3 h5 26. f4 Nh7 27. f5 Bxf5 28.
Nxf5 hxg4 29. Bd3 Qg5 30. Ne7+ Kh8 31. Bxh7 Rce8 32. Qh2 1-0

[Event "AUTO-ADV-1095"]
[Site "http://www.queenalice.com/game.php?id=487962"]
[Date "2008.11.4"]
[Round "1"]
[White "ricardoshima"]
[Black "Rutty"]
[Result "0-1"]
[WhiteElo "1963"]
[BlackElo "2103"]

1. e4 e5 2. Nf3 Nc6 3. d4 exd4 4. Nxd4 Bc5 5. Be3 Nxd4 6. Bxd4 Bxd4 7. Qxd4 Nf6
8. Nc3 O-O 9. e5 Qe7 10. O-O-O Ne8 11. Bd3 d6 12. Rde1 dxe5 13. Rxe5 Qd6 14. Qe4
Nf6 15. Qe2 Bg4 16. f3 Be6 17. g4 h6 18. h4 Nd7 19. Rh5 Nf6 20. Rb5 b6 21. g5
Bd7 22. gxf6 Bxb5 23. Bxb5 Qxf6 24. Ne4 Qf4+ 25. Kb1 Rad8 26. a3 c5 27. h5 Rd4
28. Rg1 Kh7 29. Bd3 Kh8 30. Qg2 Rg8 31. Qg4 Qxg4 32. Rxg4 f5 33. Nf6 gxf6 34.
Bxf5 Rgxg4 35. fxg4 Kg7 36. Ka2 Kf7 37. Kb3 b5 38. Kc3 Ke7 39. b4 Rc4+ 40. Kb3
cxb4 41. axb4 Kd6 42. c3 Ke5 43. Kc2 Kf4 0-1

[Event "AUTO-ADV-1095"]
[Site "http://www.queenalice.com/game.php?id=487971"]
[Date "2008.11.4"]
[Round "1"]
[White "ricardoshima"]
[Black "Blackangel"]
[Result "1-0"]
[WhiteElo "2019"]
[BlackElo "1761"]

1. e4 c5 2. Nf3 Nc6 3. d4 cxd4 4. Nxd4 d6 5. Nc3 g6 6. Bg5 Bg7 7. Nxc6 bxc6 8.
Qd2 Rb8 9. Rb1 Qa5 10. b4 Rxb4 11. Rxb4 Qxb4 12. Nd1 Qxe4+ 13. Qe2 Qb4+ 14. Qd2
Qxd2+ 15. Bxd2 1-0

[Event "AUTO-ADV-1095"]
[Site "http://www.queenalice.com/game.php?id=487972"]
[Date "2008.11.4"]
[Round "1"]
[White "Blackangel"]
[Black "ricardoshima"]
[Result "0-1"]
[WhiteElo "1767"]
[BlackElo "2013"]

1. e4 e5 2. f4 exf4 3. Nf3 g5 4. Bc4 g4 5. Ne5 Qh4+ 6. Kf1 Nh6 7. Nc3 d6 8. Nd3
f3 9. Nf4 fxg2+ 10. Nxg2 Qh3 11. Nd5 Kd8 12. Be2 g3 13. Nf4 Qxh2 14. Rxh2 gxh2
15. Kf2 Bg4 16. d3 Bxe2 17. Nxe2 Ng4+ 0-1

[Event "QA-ANNIV-03"]
[Site "http://www.queenalice.com/game.php?id=525016"]
[Date "2009.1.18"]
[Round "10"]
[White "ricardoshima"]
[Black "gargur"]
[Result "0-1"]
[WhiteElo "1953"]
[BlackElo "2018"]

1. e4 e5 2. Nf3 Nc6 3. d4 exd4 4. Nxd4 Bc5 5. Be3 Qf6 6. Nb5 Bxe3 7. fxe3 Qh4+
8. g3 Qxe4 9. Nxc7+ Kf8 10. Nxa8 Qxh1 11. Qd6+ Nge7 12. Nd2 Qd5 13. Qf4 Qe5 14.
O-O-O g5 15. Qxe5 Nxe5 16. Nc7 Ng4 17. Nc4 Nxh2 18. Be2 g4 0-1